13. konferencia slovenských a českých fyzikov 23.-26.8.1999, [Zvolen] : zborník príspevkov

Bibliographic Details
Corporate Author: Konferencia slovenských a českých fyzikov Zvolen, Slovensko (Author)
Other Authors: Reiffers, Marián, 1955- (Editor), Just, Ladislav, 1946- (Editor)
Format: Conference Proceeding Book
Language:Slovak
Czech
PhysicalDescription:ix, 457 s. fotogr., sch., tab. 30 cm
Published: Zvolen Technická univerzita 2000
ISBN:8022808768
Subjects:

MARC

LEADER 00000cam a2200000 a 4500
001 vtls001389215
003 SK-MaSNL
005 20260301201659.0
008 250414s2000 xo a fr 100 0 slo
015 |a SNBA2000/07-02356 
020 |a 8022808768 
035 |a SNK000343472 
035 |a urn:nbn:sk:snk-amjslq 
035 |a urn:nbn:sk:snk:ar-a0b9k4 
035 |a f84398eb-15ca-44b0-babd-2563e1633f4b 
040 |a SNK  |b slo  |c SNK  |e AACR2 
041 0 |a slo  |a cze 
044 |a xo  |c SK 
080 |a 53(082)=854=850  |2 1981 
111 2 |a Konferencia slovenských a českých fyzikov  |n (13. :  |d 1999 :  |c Zvolen, Slovensko)  |4 aut  |9 79960 
245 0 0 |a 13. konferencia slovenských a českých fyzikov  |b 23.-26.8.1999, [Zvolen] : zborník príspevkov  |c editori: M. Reiffers, L. Just 
246 1 3 |a Trinásta konferencia slovenských a českých fyzikov 
260 |a Zvolen  |b Technická univerzita  |c 2000 
300 |a ix, 457 s.  |b fotogr., sch., tab.  |c 30 cm 
500 |a Čiast. text čes. 
500 |a Ilustr. na tit. strane 
500 |a Vyd. Slovenská fyzikálna spoločnosť 
500 |a 250 výt. 
504 |a Reg. Bibliogr. odkazy. Res. angl. 
650 0 7 |a fyzika  |2 SNKPH  |9 816 
655 7 |a zborníky konferencií  |2 SNKPH  |9 70153 
655 7 |a issue_zb  |2 SNK  |9 276493 
700 1 |a Reiffers, Marián,  |d 1955-  |4 edt  |9 98664 
700 1 |a Just, Ladislav,  |d 1946-  |4 edt  |9 44670 
710 2 |a Slovenská fyzikálna spoločnosť  |4 pbl  |9 33194 
852 |a Slovenská národná knižnica 
919 |a 80-228-0876-8 
954 |a odborná, vedecká literatúra pôvodná (slovenská)  |2 lita 
954 |a odborná, vedecká literatúra cudzojazyčná (svetová)  |2 lita 
958 |a EUIPO 
958 |a OND 
958 |a ART 
958 |a TL 
958 |a NB 
999 |c 895839  |d 897769 
952 |t P60, <03>, [BOOK], {603}  |a SNK  |b SNK  |y PREZ  |7 0  |p 17A0239015  |o snkSB 61769  |i snkKSP 5060/2000  |0 0  |1 0  |4 0  |d 2000-05-23  |f 1  |l 0  |r 2025-04-10 00:00:00  |w 2026-02-24 
952 |t P60, <04>, [BOOK], {604}  |a SNK  |b SNK  |y VYP  |7 0  |p 17A0239016  |o snkSB 61769 D1  |i snkKSP 5061/2000  |0 0  |1 0  |4 0  |d 2000-05-23  |l 0  |r 2005-01-02 00:00:00  |w 2026-02-24